| 000 | 01120cam a2200373 i 4500 | ||
|---|---|---|---|
| 001 | 20927760 | ||
| 003 | OSt | ||
| 005 | 20260415135039.0 | ||
| 008 | 190411s2020 nyu b 001 0 eng | ||
| 010 | _a 2019017498 | ||
| 020 | _a9780826188465 | ||
| 020 | _z9780826188632 | ||
| 020 | _z9780826164261 | ||
| 035 | _a20927760 | ||
| 035 | _a(DNLM)101745315 | ||
| 040 |
_aDNLM/DLC _cDLC _erda _dDLC |
||
| 042 | _apcc | ||
| 050 | 0 | 0 |
_aRT71 _b.L38 2020 |
| 060 | 1 | 0 | _aWY 128 |
| 082 | 0 | 0 |
_a610.73071/1 _223 |
| 245 | 0 | 0 | _aLeadership and systems improvement for the DNP / |
| 260 |
_aNew York: _bSpinger Publishing Company, _c2020. |
||
| 300 |
_axvii, 349 pages ; _c28 cm. |
||
| 504 | _aIncludes bibliographical references and index. | ||
| 650 | 1 | 2 |
_aAdvanced Practice Nursing _xeducation |
| 650 | 2 | 2 | _aEducation, Nursing, Graduate |
| 650 | 2 | 2 | _aLeadership |
| 650 | 2 | 2 |
_aProgram Evaluation _xmethods |
| 650 | 2 | 2 |
_aEvidence-Based Nursing _xeducation |
| 700 | 1 |
_aArmstrong, Gail E., _eeditor. |
|
| 700 | 1 |
_aSables-Baus, Sharon, _eeditor. |
|
| 906 |
_a7 _bcbc _corignew _d1 _eecip _f20 _gy-gencatlg |
||
| 942 |
_2lcc _cBK |
||
| 999 |
_c60357 _d60357 |
||